00749nam a22002177a 4500003000500000005001700005008004100022010001000063011001000073020001500083035001100098040000900109082001600118100003700134245018000171260003600351300004800387650003100435650002700466700003800493CHAP20220817044349.0080125d1984 mx a r 00110 spa d a98906 a99878 a9681816986 a110564 cCHAP14a016.54bD7100aDomínguez S., Xorge Alejandro.10aBibliografía química y estructura de tesis :buna guía para localizar información sobre química, bioquímica e ingeniería químicac/por Xavier A. Domínguez S. aMéxico, D.F. :bLimusa,c1984 a139 p. :bilus., gráfs., diagrama, tablas14aQuímicaxBibliografía.14aTesisxBibliografía.1 aDomínguez Jr., Xorge alejandro.